Music Quiz

Random Music or Clickable Quiz

Drummers of metal bands Quiz Stats

 Plays Quiz not verified by Sporcle

Also try: Song Time
Challenge
Share
Tweet
Embed
Score 0/10 Timer 15:00
0 Plays Today
% Correct
Thomas Haake
62.1%
Jukka Nevalainen
55.2%
Frost
44.8%
Kai Hahto
37.9%
Bryan Fajardo
34.5%
Valtteri Revonkorpi
34.5%
Mikko Siren
27.6%
Heikki Malmberg
24.1%
Tommy Portimo
20.7%
Jon Dette
17.2%

You're not logged in!

Compare scores with friends on all Sporcle quizzes.
OR
Log In

You Might Also Like...

Show Comments

Extras

Created Sep 9, 2016ReportNominate
Tags:Clickable Quiz, drummer, metal

Top Quizzes Today


Score Distribution

Your Account Isn't Verified!

In order to create a playlist on Sporcle, you need to verify the email address you used during registration. Go to your Sporcle Settings to finish the process.

Report this User

Report this user for behavior that violates our Community Guidelines.

Details: